[Event "Liga Madrileña - DH 2012-2013"]
[Site "Madrid ESP"]
[Date "2013.02.03"]
[Round "8.43"]
[White "Rojo Huerta, Gabriel"]
[Black "Arruebarrena, Rafael"]
[Result "1-0"]
[WhiteElo "2356"]
[BlackElo "2245"]
[PlyCount "77"]
[EventDate "2012.11.18"]
[EventRounds "14"]
[EventCountry "ESP"]
[Source "lmi"]
[SourceDate "2012.11.18"]
[WhiteTeam "Casa del Ajedrez"]
[BlackTeam "Cafe Comercial"]
[WhiteTeamCountry "ESP"]
[BlackTeamCountry "ESP"]

1. d4 Nf6 2. c4 g6 3. Nc3 d5 4. Nf3 Bg7 5. Bg5 Ne4 6. cxd5 Nxg5 7. Nxg5 O-O 8.
Nf3 c6 9. dxc6 Nxc6 10. e3 Qa5 11. Bb5 e5 12. Bxc6 exd4 13. Nxd4 bxc6 14. O-O
Ba6 15. Re1 Rfc8 16. Rc1 Rab8 17. Rc2 Bb7 18. Qg4 c5 19. Nb3 Qb4 20. h3 h5 21.
Qe2 a5 22. Rec1 a4 23. Nd2 c4 24. a3 Qd6 25. Nf3 Bxf3 26. gxf3 Qd7 27. Kg2 Rc5
28. Ne4 Rcb5 29. Rd1 Qe6 30. Rd6 Qe5 31. Qxc4 Rxb2 32. Rxb2 Qxb2 33. Rxg6 Qb3
34. Rc6 Qxa3 35. Ra6 Rb4 36. Ra8+ Bf8 37. Qc5 Rb3 38. Qg5+ Kh8 39. Qh6+ 1-0

[Event "Liga Madrileña - DH 2012-2013"]
[Site "Madrid ESP"]
[Date "2013.02.03"]
[Round "8.44"]
[White "Castellanos Vazquez, Jorge"]
[Black "Suarez Uriel, Adrian"]
[Result "0-1"]
[WhiteElo "2191"]
[BlackElo "2241"]
[PlyCount "48"]
[EventDate "2012.11.18"]
[EventRounds "14"]
[EventCountry "ESP"]
[Source "lmi"]
[SourceDate "2012.11.18"]
[WhiteTeam "Cafe Comercial"]
[BlackTeam "Casa del Ajedrez"]
[WhiteTeamCountry "ESP"]
[BlackTeamCountry "ESP"]

1. e4 c5 2. Nf3 Nc6 3. Bb5 g6 4. O-O Bg7 5. Re1 e5 6. Bxc6 dxc6 7. d3 Qe7 8. b3
Nf6 9. Bb2 Bg4 10. Nbd2 O-O 11. h3 Bxf3 12. Qxf3 Ne8 13. Qg3 Nc7 14. Nf3 f6 15.
Rad1 Ne6 16. c3 Rad8 17. d4 Bh6 18. d5 Bf4 19. Qh4 cxd5 20. exd5 g5 21. Qh6 Ng7
22. g3 Qe8 23. g4 Rd6 24. h4 Qd7 0-1

[Event "Liga Madrileña - DH 2012-2013"]
[Site "Madrid ESP"]
[Date "2013.02.03"]
[Round "8.45"]
[White "Unciti Juan, Javier"]
[Black "Bertino, Paolo"]
[Result "1-0"]
[WhiteElo "2196"]
[BlackElo "2067"]
[PlyCount "45"]
[EventDate "2012.11.18"]
[EventRounds "14"]
[EventCountry "ESP"]
[Source "lmi"]
[SourceDate "2012.11.18"]
[WhiteTeam "Casa del Ajedrez"]
[BlackTeam "Cafe Comercial"]
[WhiteTeamCountry "ESP"]
[BlackTeamCountry "ESP"]

1. e4 d5 2. exd5 Qxd5 3. Nc3 Qa5 4. d4 Nf6 5. Bd2 c6 6. Bc4 Bf5 7. Nf3 e6 8.
Qe2 Bb4 9. Ne5 Nbd7 10. Nxd7 Nxd7 11. O-O-O O-O-O 12. a3 Bxc3 13. Bxc3 Qc7 14.
g3 Nb6 15. Bb3 Nd5 16. Bd2 Qb6 17. g4 Bg6 18. h4 h5 19. Qe5 Nf6 20. Ba5 Nd7 21.
Bxb6 Nxe5 22. Bxd8 Nf3 23. gxh5 1-0

[Event "Liga Madrileña - DH 2012-2013"]
[Site "Madrid ESP"]
[Date "2013.02.03"]
[Round "8.46"]
[White "Galan Fernandez, Felix"]
[Black "Collado Barbas, Laura"]
[Result "0-1"]
[WhiteElo "2004"]
[BlackElo "2151"]
[PlyCount "96"]
[EventDate "2012.11.18"]
[EventRounds "14"]
[EventCountry "ESP"]
[Source "lmi"]
[SourceDate "2012.11.18"]
[WhiteTeam "Cafe Comercial"]
[BlackTeam "Casa del Ajedrez"]
[WhiteTeamCountry "ESP"]
[BlackTeamCountry "ESP"]

1. e4 e6 2. d4 d5 3. Nc3 Nc6 4. e5 f6 5. Nf3 Bd7 6. Be2 Qe7 7. Be3 O-O-O 8. a3
Qf7 9. b4 h6 10. b5 Nce7 11. Bd3 g5 12. exf6 Qxf6 13. Ne5 Nf5 14. O-O Bd6 15.
Bxf5 exf5 16. f4 Ne7 17. Qf3 Be6 18. Na4 Ng6 19. Nxg6 Qxg6 20. Nb2 Rhg8 21. Nd3
Rg7 22. g3 g4 23. Qg2 h5 24. a4 h4 25. Kf2 Rh7 26. Rh1 Rdh8 27. Ke2 Rh6 28. Bf2
Qh7 29. c3 hxg3 30. Bxg3 Bd7 31. Kd2 Re8 32. Rhe1 Re4 33. Rxe4 dxe4 34. Ne5 Be6
35. Qe2 Qg8 36. Qf2 Bb3 37. Qe3 Rh7 38. Kc1 Ba2 39. Qd2 Ba3+ 40. Kd1 Qb3+ 41.
Qc2 Bb2 42. Rxa2 Qxa2 43. Kd2 Rh6 44. c4 Qa1 45. d5 Bd4 46. Nf7 Qf1 47. Qd1
Qd3+ 48. Ke1 Bc3+ 0-1

[Event "Liga Madrileña - DH 2012-2013"]
[Site "Madrid ESP"]
[Date "2013.02.10"]
[Round "9.11"]
[White "Candela Perez, Jose"]
[Black "Adan Bermudez, Sergio"]
[Result "1-0"]
[WhiteElo "2393"]
[BlackElo "2285"]
[PlyCount "59"]
[EventDate "2012.11.18"]
[EventRounds "14"]
[EventCountry "ESP"]
[Source "lmi"]
[SourceDate "2012.11.18"]
[WhiteTeam "Casa del Ajedrez"]
[BlackTeam "Pueblo Nuevo"]
[WhiteTeamCountry "ESP"]
[BlackTeamCountry "ESP"]

1. d4 d6 2. Nf3 g6 3. g3 Bg7 4. Bg2 e5 5. dxe5 dxe5 6. Qxd8+ Kxd8 7. Nc3 h6 8.
Be3 c6 9. O-O-O+ Kc7 10. Bc5 Nd7 11. Bd6+ Kb6 12. Bh3 f6 13. Bxd7 Bxd7 14. Na4+
Ka5 15. Bc7+ Kxa4 16. Rxd7 Bf8 17. Nh4 Be7 18. Nxg6 Rh7 19. Bd6 Rd8 20. b3+ Ka5
21. Bc7+ Ka6 22. Rxd8 Bxd8 23. Bxd8 b6 24. f4 Rg7 25. f5 Kb7 26. Rd1 Kc8 27.
Nf8 Rg5 28. e4 Rg4 29. Rd6 Rxe4 30. Bxf6 1-0

[Event "Liga Madrileña - DH 2012-2013"]
[Site "Madrid ESP"]
[Date "2013.02.10"]
[Round "9.12"]
[White "Fernandez Lledo, Javier"]
[Black "Gallego Jimenez, Victoriano"]
[Result "1-0"]
[WhiteElo "2238"]
[BlackElo "2385"]
[PlyCount "43"]
[EventDate "2012.11.18"]
[EventRounds "14"]
[EventCountry "ESP"]
[Source "lmi"]
[SourceDate "2012.11.18"]
[WhiteTeam "Pueblo Nuevo"]
[BlackTeam "Casa del Ajedrez"]
[WhiteTeamCountry "ESP"]
[BlackTeamCountry "ESP"]

1. Nf3 b6 2. e4 Bb7 3. Nc3 e6 4. d4 Bb4 5. Bd3 Nf6 6. Qe2 d5 7. e5 Ne4 8. Bd2
Nxd2 9. Nxd2 c5 10. Qg4 cxd4 11. Qxg7 Rf8 12. Nb5 Nc6 13. a3 Be7 14. Nf3 h5 15.
Nbxd4 Nxd4 16. Nxd4 a6 17. Bg6 fxg6 18. Nxe6 Qd7 19. Qxg6+ Rf7 20. Ng7+ Kd8 21.
Qxb6+ Kc8 22. e6 1-0

[Event "Liga Madrileña - DH 2012-2013"]
[Site "Madrid ESP"]
[Date "2013.02.10"]
[Round "9.13"]
[White "Rojo Huerta, Gabriel"]
[Black "Navarro Nicolas, Victor Manuel"]
[Result "1-0"]
[WhiteElo "2356"]
[BlackElo "2211"]
[PlyCount "81"]
[EventDate "2012.11.18"]
[EventRounds "14"]
[EventCountry "ESP"]
[Source "lmi"]
[SourceDate "2012.11.18"]
[WhiteTeam "Casa del Ajedrez"]
[BlackTeam "Pueblo Nuevo"]
[WhiteTeamCountry "ESP"]
[BlackTeamCountry "ESP"]

1. d4 Nf6 2. c4 g6 3. Nc3 d5 4. cxd5 Nxd5 5. e4 Nxc3 6. bxc3 Bg7 7. Qa4+ Nd7 8.
Nf3 O-O 9. Bg5 c5 10. Rc1 Qc7 11. Bd3 h6 12. Be3 b6 13. O-O Bb7 14. d5 e6 15.
c4 e5 16. Qc2 Nf6 17. a4 Bc8 18. Bd2 Nh5 19. Rfe1 Qe7 20. Bc3 Nf4 21. Bf1 Bg4
22. Re3 h5 23. h3 Bd7 24. Rd1 Qe8 25. Ra1 f6 26. a5 g5 27. axb6 axb6 28. Rxa8
Qxa8 29. Qb2 Qb8 30. Bd2 g4 31. Nh4 f5 32. Nxf5 Bxf5 33. exf5 Rxf5 34. hxg4
hxg4 35. Rg3 Rg5 36. Qb1 Qd6 37. Ra3 Rh5 38. Ra8+ Bf8 39. Qe4 Qf6 40. g3 Nh3+
41. Bxh3 1-0

[Event "Liga Madrileña - DH 2012-2013"]
[Site "Madrid ESP"]
[Date "2013.02.10"]
[Round "9.14"]
[White "Barez Menendez, Hector"]
[Black "Elguezabal Varela, Daniel"]
[Result "0-1"]
[WhiteElo "2163"]
[BlackElo "2366"]
[PlyCount "102"]
[EventDate "2012.11.18"]
[EventRounds "14"]
[EventCountry "ESP"]
[Source "lmi"]
[SourceDate "2012.11.18"]
[WhiteTeam "Pueblo Nuevo"]
[BlackTeam "Casa del Ajedrez"]
[WhiteTeamCountry "ESP"]
[BlackTeamCountry "ESP"]

1. d4 Nf6 2. Nf3 g6 3. c4 Bg7 4. g3 O-O 5. Bg2 d6 6. O-O Nbd7 7. Nc3 e5 8. e4
c6 9. h3 Qb6 10. dxe5 dxe5 11. Qe2 Re8 12. Be3 Qc7 13. c5 Bf8 14. b4 b6 15.
cxb6 axb6 16. Qb2 b5 17. Rfc1 Qb7 18. Nd2 Nb6 19. a3 Be6 20. Bf1 Red8 21. Kh2
h5 22. Ne2 Nfd7 23. Ng1 Na4 24. Qb1 Rab8 25. Ngf3 f6 26. Nb3 Rdc8 27. Nc5 Ndxc5
28. bxc5 Rd8 29. Qc2 Qf7 30. Rab1 Rd7 31. Ne1 Rbd8 32. Nd3 Ba2 33. Ra1 Bb3 34.
Qb1 Bc4 35. Nb4 Bxf1 36. Rxf1 Qe6 37. Qc2 Kf7 38. Rac1 Be7 39. Rfe1 Kg7 40. Re2
Kf7 41. Ree1 Bf8 42. Rf1 Kg8 43. Rfe1 Kh7 44. Re2 Be7 45. Ree1 Bxc5 46. Bxc5
Rd2 47. Qb1 Nxc5 48. Rxc5 Rxf2+ 49. Kg1 Rdd2 50. Nd3 Rg2+ 51. Kf1 Qxh3 0-1

[Event "Liga Madrileña - DH 2012-2013"]
[Site "Madrid ESP"]
[Date "2013.02.10"]
[Round "9.16"]
[White "Nieto de la Cruz, Julio"]
[Black "Unciti Juan, Javier"]
[Result "0-1"]
[WhiteElo "2111"]
[BlackElo "2196"]
[PlyCount "50"]
[EventDate "2012.11.18"]
[EventRounds "14"]
[EventCountry "ESP"]
[Source "lmi"]
[SourceDate "2012.11.18"]
[WhiteTeam "Pueblo Nuevo"]
[BlackTeam "Casa del Ajedrez"]
[WhiteTeamCountry "ESP"]
[BlackTeamCountry "ESP"]

1. Nf3 d5 2. c4 e6 3. b3 c5 4. Bb2 Nc6 5. a3 Nf6 6. Qc2 Be7 7. e3 O-O 8. Bd3 h6
9. Nc3 b6 10. h4 Bb7 11. O-O-O a6 12. Ng5 d4 13. Ne2 b5 14. Rh3 bxc4 15. bxc4
Qb6 16. g4 e5 17. Rg1 Na5 18. Nh7 Nb3+ 19. Kd1 e4 20. Nxf6+ Bxf6 21. Bxe4 Bxe4
22. Qxe4 Nxd2 23. Kxd2 Qxb2+ 24. Qc2 dxe3+ 25. Rxe3 Rfd8+ 0-1

[Event "Liga Madrileña - DH 2012-2013"]
[Site "Madrid ESP"]
[Date "2013.02.10"]
[Round "9.21"]
[White "Pilgaard, Kim"]
[Black "Moreno Trujillo, Alejandro"]
[Result "0-1"]
[WhiteElo "2432"]
[BlackElo "2509"]
[PlyCount "140"]
[EventDate "2012.11.18"]
[EventRounds "14"]
[EventCountry "ESP"]
[Source "lmi"]
[SourceDate "2012.11.18"]
[WhiteTeam "Cafe Comercial"]
[BlackTeam "64 Villalba"]
[WhiteTeamCountry "ESP"]
[BlackTeamCountry "ESP"]

1. e4 e6 2. d4 d5 3. Nd2 Be7 4. c3 c5 5. exd5 exd5 6. dxc5 Bxc5 7. Ngf3 Nf6 8.
Bb5+ Nc6 9. O-O O-O 10. Nb3 Bb6 11. Bg5 a6 12. Be2 Re8 13. Nbd4 Qd6 14. Re1 Ne4
15. Be3 Bc7 16. Qd3 Bg4 17. g3 Qg6 18. Kg2 Re7 19. Nxc6 bxc6 20. Qd4 Qf5 21.
Ng1 Bxe2 22. Rxe2 c5 23. Qa4 Rae8 24. Bxc5 Re6 25. f3 Nf6 26. Rae1 h5 27. Bd4
Rb8 28. b3 Rbe8 29. Rxe6 Rxe6 30. Rxe6 Qxe6 31. c4 dxc4 32. Qxc4 Nd5 33. Qe2
Qg6 34. Qe8+ Kh7 35. Ne2 Nb4 36. a4 Bd6 37. Bc3 Nd3 38. Qe4 Qxe4 39. fxe4 Nc5
40. e5 Bc7 41. Nc1 Kg6 42. Kf3 Kf5 43. a5 Bxe5 44. Bxe5 Kxe5 45. b4 Ne6 46. Ke3
Kd5 47. Kd3 f5 48. Ne2 g5 49. Nc3+ Kc6 50. Kc4 Nc7 51. Ne2 Nb5 52. h4 f4 53.
gxf4 gxh4 54. Ng1 Nd6+ 55. Kd4 Kb5 56. Kd5 Nf5 57. Ke5 Ne3 58. f5 Kxb4 59. f6
Ng4+ 60. Ke6 Nh6 61. f7 Nxf7 62. Kxf7 Kxa5 63. Kg6 Kb4 64. Kxh5 Kc3 65. Kxh4
Kd3 66. Kg3 a5 67. Kf2 a4 68. Ne2 Kd2 69. Nd4 a3 70. Nb3+ Kc2 0-1

[Event "Liga Madrileña - DH 2012-2013"]
[Site "Madrid ESP"]
[Date "2013.02.10"]
[Round "9.22"]
[White "Taboas Rodriguez, Daniel"]
[Black "Arruebarrena, Rafael"]
[Result "1/2-1/2"]
[WhiteElo "2404"]
[BlackElo "2245"]
[PlyCount "63"]
[EventDate "2012.11.18"]
[EventRounds "14"]
[EventCountry "ESP"]
[Source "lmi"]
[SourceDate "2012.11.18"]
[WhiteTeam "64 Villalba"]
[BlackTeam "Cafe Comercial"]
[WhiteTeamCountry "ESP"]
[BlackTeamCountry "ESP"]

1. d4 Nf6 2. Nf3 g6 3. c4 Bg7 4. Nc3 d5 5. cxd5 Nxd5 6. e4 Nxc3 7. bxc3 c5 8.
Be3 Qa5 9. Qd2 Nc6 10. Rc1 Bg4 11. d5 Bxf3 12. gxf3 Rd8 13. Qb2 Nd4 14. Bxd4
cxd4 15. Qb5+ Qxb5 16. Bxb5+ Kf8 17. cxd4 Bxd4 18. Rc7 Rb8 19. f4 Bb6 20. Rc2
Kg7 21. Ke2 Rbd8 22. Rd1 Rc8 23. Rdc1 Rxc2+ 24. Rxc2 Rd8 25. Ba4 e6 26. Bb3
exd5 27. Bxd5 Rd7 28. Kd3 Rc7 29. Rb2 Rc1 30. Bxb7 Rf1 31. e5 Rxf2 32. Rxf2
1/2-1/2

[Event "Liga Madrileña - DH 2012-2013"]
[Site "Madrid ESP"]
[Date "2013.02.10"]
[Round "9.23"]
[White "Castellanos Vazquez, Jorge"]
[Black "Bolado Saez, Sergio"]
[Result "1-0"]
[WhiteElo "2191"]
[BlackElo "2388"]
[PlyCount "89"]
[EventDate "2012.11.18"]
[EventRounds "14"]
[EventCountry "ESP"]
[Source "lmi"]
[SourceDate "2012.11.18"]
[WhiteTeam "Cafe Comercial"]
[BlackTeam "64 Villalba"]
[WhiteTeamCountry "ESP"]
[BlackTeamCountry "ESP"]

1. e4 c5 2. Nf3 d6 3. Bc4 Nd7 4. O-O a6 5. Be2 Ngf6 6. Nc3 b5 7. d4 cxd4 8.
Nxd4 Bb7 9. Re1 e6 10. a3 Be7 11. f4 O-O 12. Bf3 Qc7 13. g4 Nb6 14. g5 Nfd7 15.
f5 e5 16. Nde2 Rac8 17. Ng3 g6 18. f6 Bd8 19. Re2 Nc5 20. Nd5 Qd7 21. Kg2 Ne6
22. c3 Re8 23. h4 Nxd5 24. exd5 Nf4+ 25. Bxf4 exf4 26. Bg4 Rxe2+ 27. Qxe2 Bxd5+
28. Kh3 Be6 29. Bxe6 fxe6 30. Ne4 Rc4 31. Re1 e5+ 32. Qg4 Qxg4+ 33. Kxg4 Bc7
34. Nd2 Rc6 35. Nf3 a5 36. h5 gxh5+ 37. Kf5 b4 38. axb4 axb4 39. Nd4 Rc4 40. g6
hxg6+ 41. Kxg6 d5 42. f7+ Kf8 43. Ne6+ Ke7 44. f8=Q+ Kxe6 45. Qe8+ 1-0

[Event "Liga Madrileña - DH 2012-2013"]
[Site "Madrid ESP"]
[Date "2013.02.10"]
[Round "9.24"]
[White "Bermejo Martinez, Jorge"]
[Black "Bertino, Paolo"]
[Result "1-0"]
[WhiteElo "2317"]
[BlackElo "2067"]
[PlyCount "91"]
[EventDate "2012.11.18"]
[EventRounds "14"]
[EventCountry "ESP"]
[Source "lmi"]
[SourceDate "2012.11.18"]
[WhiteTeam "64 Villalba"]
[BlackTeam "Cafe Comercial"]
[WhiteTeamCountry "ESP"]
[BlackTeamCountry "ESP"]

1. d4 d5 2. c4 c6 3. e3 Nf6 4. Qc2 g6 5. Bd3 Bg7 6. Nf3 O-O 7. O-O b6 8. b3
Nbd7 9. Bb2 Bb7 10. Rd1 e5 11. dxe5 Ng4 12. cxd5 cxd5 13. Nc3 Ndxe5 14. Be2 Rc8
15. Qd2 Nxf3+ 16. Bxf3 Qh4 17. Bxg4 Qxg4 18. h3 Qg5 19. f4 Qf5 20. Rac1 a6 21.
Ne2 Bxb2 22. Qxb2 Rfe8 23. Rxc8 Rxc8 24. Nd4 Qe4 25. Qd2 Re8 26. Kf2 h6 27. Re1
g5 28. g3 Bc8 29. fxg5 Bxh3 30. Nf3 Bg4 31. Nh2 Bh3 32. Nf3 hxg5 33. Qd4 f6 34.
Rc1 Qxd4 35. Nxd4 Rc8 36. Rd1 Kf7 37. Kf3 Bd7 38. Rd2 Rc1 39. Ne2 Rf1+ 40. Kg2
Ra1 41. Kf2 Ke6 42. Nd4+ Ke5 43. Nf3+ Ke6 44. Nd4+ Ke7 45. Ne2 Be6 46. Nc3 1-0

[Event "Liga Madrileña - DH 2012-2013"]
[Site "Madrid ESP"]
[Date "2013.02.10"]
[Round "9.25"]
[White "Beltran Redrado, Jose Antonio"]
[Black "Renteria Becerra, Jorge Elicer"]
[Result "0-1"]
[WhiteElo "2009"]
[BlackElo "2317"]
[PlyCount "62"]
[EventDate "2012.11.18"]
[EventRounds "14"]
[EventCountry "ESP"]
[Source "lmi"]
[SourceDate "2012.11.18"]
[WhiteTeam "Cafe Comercial"]
[BlackTeam "64 Villalba"]
[WhiteTeamCountry "ESP"]
[BlackTeamCountry "ESP"]

1. d4 Nf6 2. c4 c5 3. d5 b5 4. cxb5 a6 5. Nc3 g6 6. e4 d6 7. b6 Qxb6 8. a4 a5
9. Bc4 Bg7 10. Nf3 O-O 11. O-O Ba6 12. Qd3 Bxc4 13. Qxc4 Nbd7 14. Nb5 Rfb8 15.
h3 Ne8 16. Ra3 Qd8 17. Re3 Nc7 18. e5 Nxe5 19. Nxe5 Bxe5 20. f4 Bf6 21. Kh1
Nxb5 22. axb5 Qb6 23. f5 Qxb5 24. Qxb5 Rxb5 25. fxg6 hxg6 26. Re2 Rab8 27. g3
Rb3 28. Bf4 Rxb2 29. Rxb2 Bxb2 30. Rb1 a4 31. Bc1 a3 0-1

[Event "Liga Madrileña - DH 2012-2013"]
[Site "Madrid ESP"]
[Date "2013.02.10"]
[Round "9.26"]
[White "Rioboo de la Riva, Alvaro"]
[Black "Moreno Torrero, Javier"]
[Result "1-0"]
[WhiteElo "2233"]
[BlackElo "2026"]
[PlyCount "91"]
[EventDate "2012.11.18"]
[EventRounds "14"]
[EventCountry "ESP"]
[Source "lmi"]
[SourceDate "2012.11.18"]
[WhiteTeam "64 Villalba"]
[BlackTeam "Cafe Comercial"]
[WhiteTeamCountry "ESP"]
[BlackTeamCountry "ESP"]

1. e4 c5 2. Nc3 d6 3. f4 Nc6 4. Nf3 g6 5. Bb5 Bg7 6. O-O e6 7. d3 Nge7 8. Be3
O-O 9. Bxc6 Nxc6 10. Kh1 b6 11. d4 cxd4 12. Nxd4 Bb7 13. Rb1 Qe7 14. Qd3 Rac8
15. Rbe1 Rfd8 16. Nxc6 Bxc6 17. Bd2 Qb7 18. Rf2 b5 19. a3 a5 20. f5 b4 21. axb4
axb4 22. Nd1 d5 23. Qb3 dxe4 24. fxe6 Bd5 25. Qxb4 f5 26. Qxb7 Bxb7 27. Bb4 Bf6
28. Ne3 Re8 29. e7 Bxe7 30. Bxe7 Rxe7 31. Rd1 Rf7 32. g3 Rc5 33. c4 Ra5 34. h4
Kg7 35. Kh2 h6 36. Rdf1 Bc8 37. g4 Rb7 38. gxf5 gxf5 39. Kg3 Rb3 40. Kf4 Ra2
41. Rg1+ Kf7 42. Rfg2 Rbxb2 43. Rg7+ Ke8 44. Ke5 Ra5+ 45. Nd5 Ba6 46. Rg8+ 1-0

[Event "Liga Madrileña - DH 2012-2013"]
[Site "Madrid ESP"]
[Date "2013.02.10"]
[Round "9.31"]
[White "Granda Zuniga, Julio E"]
[Black "Valles Moreno, Ivan"]
[Result "1-0"]
[WhiteElo "2651"]
[BlackElo "2382"]
[PlyCount "159"]
[EventDate "2012.11.18"]
[EventRounds "14"]
[EventCountry "ESP"]
[Source "lmi"]
[SourceDate "2012.11.18"]
[WhiteTeam "Collado Villalba"]
[BlackTeam "Amigos del Retiro"]
[WhiteTeamCountry "ESP"]
[BlackTeamCountry "ESP"]

1. Nf3 g6 2. d4 Bg7 3. e4 d6 4. c3 Nf6 5. Bd3 O-O 6. O-O Nbd7 7. Re1 e5 8. Nbd2
b6 9. Nf1 Bb7 10. Ng3 a6 11. a4 Re8 12. d5 c6 13. c4 a5 14. Nd2 c5 15. Ndf1 h5
16. h3 Nh7 17. Nh2 Ndf6 18. Ra3 Bc8 19. Bc2 h4 20. Ne2 Nh5 21. g4 N5f6 22. Nf3
Nd7 23. Qd2 Ndf8 24. Kh2 Bf6 25. g5 Be7 26. Rg1 f6 27. gxf6 Bxf6 28. Nc3 Ra7
29. Nd1 Qd7 30. Ne1 Qg7 31. Rb3 Bd8 32. Qh6 Rf7 33. Qxg7+ Kxg7 34. Rf3 Ree7 35.
Ne3 Kh8 36. Ng4 Rxf3 37. Nxf3 Rf7 38. Bd1 Bd7 39. Nh6 Rf6 40. Rg2 Bxa4 41. Bxa4
Rxf3 42. Be3 Be7 43. Rg4 g5 44. Nf5 Ng6 45. Bd1 Rf4 46. Bxf4 exf4 47. e5 dxe5
48. Bc2 Bd8 49. Nd6 Kg7 50. Nb7 Bf6 51. d6 Nhf8 52. Be4 Ne6 53. Rg1 Ngf8 54.
Ra1 Nd8 55. Nxd8 Bxd8 56. Bf3 Kf6 57. Bg4 e4 58. Rd1 Ng6 59. d7 Ne5 60. Rd6+
Kf7 61. b3 Nxg4+ 62. hxg4 Ke7 63. Rd5 Ke6 64. Kg2 Kf6 65. Kf1 Ke6 66. Ke2 Kf6
67. Kd2 Ke6 68. Ke2 Kf6 69. f3 e3 70. Kd3 Ke6 71. Ke4 e2 72. Re5+ Kxd7 73. Kd5
Bf6 74. Rxe2 Bd8 75. Re6 Bc7 76. Rg6 Bd8 77. Rg7+ Ke8 78. Ke6 Kf8 79. Rd7 Ke8
80. Rh7 1-0

[Event "Liga Madrileña - DH 2012-2013"]
[Site "Madrid ESP"]
[Date "2013.02.10"]
[Round "9.32"]
[White "Vallejo Diaz, Javier"]
[Black "Vazquez Igarza, Renier"]
[Result "1-0"]
[WhiteElo "2401"]
[BlackElo "2565"]
[PlyCount "103"]
[EventDate "2012.11.18"]
[EventRounds "14"]
[EventCountry "ESP"]
[Source "lmi"]
[SourceDate "2012.11.18"]
[WhiteTeam "Amigos del Ajedrez"]
[BlackTeam "Collado Villalba"]
[WhiteTeamCountry "ESP"]
[BlackTeamCountry "ESP"]

1. e4 c5 2. Nf3 e6 3. b3 d6 4. Bb2 a6 5. d4 cxd4 6. Nxd4 Nf6 7. Bd3 g6 8. O-O
Bg7 9. c4 O-O 10. Nc3 Nc6 11. Nf3 Nd7 12. Qe2 b6 13. Rac1 Bb7 14. Rfd1 Re8 15.
Bb1 Bh6 16. Rc2 Nb4 17. Rcd2 Bxd2 18. Qxd2 Ne5 19. Ne1 f6 20. Na4 Nbc6 21. f4
Nf7 22. Qf2 b5 23. Nb6 Rb8 24. c5 e5 25. Nd5 Kg7 26. cxd6 Qxd6 27. Nf3 Ne7 28.
Ne3 Qe6 29. Qg3 exf4 30. Qxf4 Rbd8 31. Rf1 Ng8 32. Ng4 h6 33. Nh4 Rd6 34. e5
Nxe5 35. Nxe5 fxe5 36. Qg3 g5 37. Nf5+ Kh8 38. Nxd6 Qxd6 39. Re1 Qc5+ 40. Kh1
Nf6 41. Bxe5 Kg8 42. Bxf6 Rxe1+ 43. Qxe1 Bxg2+ 44. Kxg2 Qc6+ 45. Qe4 Qxf6 46.
Qg6+ Qxg6 47. Bxg6 Kg7 48. Bd3 Kf6 49. a4 bxa4 50. bxa4 a5 51. Kf3 h5 52. Ke4
1-0

[Event "Liga Madrileña - DH 2012-2013"]
[Site "Madrid ESP"]
[Date "2013.02.10"]
[Round "9.33"]
[White "Moreno Ruiz, Javier"]
[Black "Martin Rueda, Daniel"]
[Result "1-0"]
[WhiteElo "2492"]
[BlackElo "2290"]
[PlyCount "57"]
[EventDate "2012.11.18"]
[EventRounds "14"]
[EventCountry "ESP"]
[Source "lmi"]
[SourceDate "2012.11.18"]
[WhiteTeam "Collado Villalba"]
[BlackTeam "Amigos del Ajedrez"]
[WhiteTeamCountry "ESP"]
[BlackTeamCountry "ESP"]

1. d4 d5 2. c4 c6 3. Nc3 Nf6 4. cxd5 cxd5 5. Bf4 Nc6 6. e3 a6 7. Be2 g6 8. Nf3
Bg7 9. h3 O-O 10. O-O Be6 11. Qb3 Ra7 12. Ng5 Bd7 13. Rfc1 b5 14. a4 b4 15. Nb1
Qb6 16. Nd2 Bf5 17. a5 Nxa5 18. Qa4 Nc4 19. Bxc4 dxc4 20. Nxc4 Qb7 21. Na5 Qd7
22. Nc6 Rb7 23. Qxa6 Nd5 24. Bg3 Rb6 25. Qc4 Rc8 26. Qxd5 Rbxc6 27. Qxf7+ Kh8
28. Rxc6 Rxc6 29. Be5 1-0

[Event "Liga Madrileña - DH 2012-2013"]
[Site "Madrid ESP"]
[Date "2013.02.10"]
[Round "9.34"]
[White "Sanchez Gonzalez, Sergio"]
[Black "Garrido Dominguez, Jesus"]
[Result "0-1"]
[WhiteElo "2295"]
[BlackElo "2400"]
[PlyCount "104"]
[EventDate "2012.11.18"]
[EventRounds "14"]
[EventCountry "ESP"]
[Source "lmi"]
[SourceDate "2012.11.18"]
[WhiteTeam "Amigos del Retiro"]
[BlackTeam "Collado Villalba"]
[WhiteTeamCountry "ESP"]
[BlackTeamCountry "ESP"]

1. c4 Nf6 2. Nf3 g6 3. g3 Bg7 4. Bg2 O-O 5. O-O c6 6. d4 d6 7. Nc3 Bf5 8. Nh4
Be6 9. d5 cxd5 10. cxd5 Bd7 11. e4 Na6 12. h3 b5 13. Be3 b4 14. Ne2 Rc8 15.
Bxa7 Nc5 16. Bxc5 Rxc5 17. Rc1 Rxc1 18. Qxc1 Qa5 19. Qd2 Qxa2 20. Qxb4 Qa7 21.
Rc1 Rb8 22. Qa3 Qb6 23. Rb1 Rc8 24. Rc1 Rb8 25. b4 Qxb4 26. Qxb4 Rxb4 27. Rc7
Rb1+ 28. Kh2 Rb2 29. Bf3 Bb5 30. Nc3 Rxf2+ 31. Kg1 Rf1+ 32. Kg2 Bd3 33. Rxe7
Rc1 34. e5 Rxc3 35. exf6 Bxf6 36. Re8+ Kg7 37. Kf2 Bd4+ 38. Ke1 Bb5 39. Rb8 Bd7
40. Rd8 Bxh3 41. Kd2 g5 42. Bg2 Bg4 43. Bf3 Bh3 44. Bg2 Rxg3 45. Bxh3 gxh4 46.
Bf5 h3 47. Rxd6 h2 48. Be4 Rg1 49. Ra6 h1=Q 50. Bxh1 Rxh1 51. d6 Bf6 52. d7
Bg5+ 0-1

[Event "Liga Madrileña - DH 2012-2013"]
[Site "Madrid ESP"]
[Date "2013.02.10"]
[Round "9.35"]
[White "Pastor Alonso de Prado, Alberto"]
[Black "Perez Gonzalez, Jose Manuel"]
[Result "1/2-1/2"]
[WhiteElo "2143"]
[BlackElo "2314"]
[PlyCount "92"]
[EventDate "2012.11.18"]
[EventRounds "14"]
[EventCountry "ESP"]
[Source "lmi"]
[SourceDate "2012.11.18"]
[WhiteTeam "Collado Villalba"]
[BlackTeam "Amigos del Ajedrez"]
[WhiteTeamCountry "ESP"]
[BlackTeamCountry "ESP"]

1. e4 c5 2. c3 g6 3. Nf3 Bg7 4. d4 cxd4 5. cxd4 d5 6. e5 Bg4 7. Qb3 Qd7 8. h3
Bxf3 9. Qxf3 Nc6 10. Bb5 e6 11. b3 Nge7 12. O-O O-O 13. Qd3 Rfc8 14. Nd2 Qd8
15. Nf3 a6 16. Bxc6 Nxc6 17. Bd2 Bf8 18. Rac1 Ba3 19. Rc2 Qf8 20. Rd1 Na7 21.
Ne1 Nb5 22. Bc1 Rxc2 23. Nxc2 Bxc1 24. Rxc1 Rc8 25. Qd2 Rc6 26. a4 Na7 27. Rb1
Qc8 28. Ne3 h5 29. g4 Qd8 30. Ng2 hxg4 31. hxg4 Kg7 32. g5 Rc8 33. Qf4 Nc6 34.
Rc1 Ne7 35. Qf6+ Kf8 36. Rxc8 Qxc8 37. Qh8+ Ng8 38. Ne3 Qd8 39. f4 Qb6 40. Ng4
Qxd4+ 41. Kg2 Qxf4 42. Nf6 Qxg5+ 43. Kf2 Qf4+ 44. Kg2 Qg5+ 45. Kf2 Qf4+ 46. Kg2
Qg5+ 1/2-1/2